00457nam a2200121Ia 4500008004100000050002700041100002900068245009000097260008600187300003300273521001500306650001400321140724s9999 xx 000 0 und d aPN 1992.94b.C335 2010 aCasanova, Bernard Peter. 2aA video production on the lifestyle of a Reggae Enthusiast /cBernard Peter Casanova. aLas Piñas, Philippines :bSouthville International School and Colleges,cc2010. a51 p. :bcol. Ill. ;c28 cm. aMedia Arts aLifestyle